000 00878nam0a22002651 4500
001 rc\2570294
005 20250623112121.0
035 _a(NLR Aleph) 006735045
090 _a5584603
_c5584603
100 _a20110914d1928 |||y0rusy50 ca
101 0 _arus
102 _aRU
105 _aa z |||||
200 1 _aПереселение на новые земли
205 _a2-е изд.
210 _aМосква
_aЛенинград
_cГос. изд-во
_d1928
_eМосква
_g5-я тип. "Транспечати" НКПС "Пролетарское слово"
215 _a71 с.
_cил.
_d18х14 см.
300 _aПредисловие: М. Большаков
700 1 _aБаров
_bД.Г.
_gДавид Григорьевич
801 0 _aRU
_bNLR
_gpsbo
801 1 _aRU
_bELAR
_2rusmarc
852 _aNLR
_j41/3862
942 _cBOOK
980 _aNB